000 00754nam a22001577a 4500
003 OSt
005 20150922091234.0
008 150922b xxu||||| |||| 00| 0 eng d
040 _cRUA
082 _aAGR PIN 2010 B044 Or.1
100 _91074
_aPIN, PISSDA.
245 _aStudy the control of insects pests on cashew tree in agr-satr company at kompong cham province សិក្សាអំពីវិធានការណ៍កំចាត់សត្វល្អិតចង្រៃលើដំណាំស្វាយចន្ទីក្នុងក្រុមហ៊ុនអាហ្រ្គូស្តារនាខេត្តកំពង់ចាម
260 _aPhnom Penh
_bRUA
_c2010
300 _ax; 33p.
_bill.
_c29cm.
942 _2ddc
_cAGR
999 _c1030
_d1030